000 00374nam a2200145Ia 4500
008 240624s9999 xx 000 0 und d
041 _aeng
082 _a658.1 GIT
100 _aGITMAN LAWRENCE J
245 _aPRINCIPLES OF MANAGERIAL FINANCE
250 _a(11th ed.)
260 _c2009
_aNew Delhi
_bPearson Education
300 _a685 : p. : cm. ; 24
365 _cRS
_b30
999 _c15738
_d15738